000 00467nam a2200181Ia 4500
001 9705
005 20260306161738.0
008 260306t2016||||xx |||||||||||||| ||spa||
041 _aESP
082 _a398.6
_bS12
100 _aEscobar Damiani, Godofredo
_eAUT
245 0 _aSabiduría en pocas palabras:
_brefranes y dichos populares
260 _c2016
300 _apáginas sin numerar :
_c20 cm.
650 _aGEN
654 _aCHU
942 _cLIB
_dJUS
_fJUS
_2ddc
_n
999 _c9705
_d9705